<?xml version="1.0" encoding="UTF-8"?>
<record
    xmlns:xsi="http://www.w3.org/2001/XMLSchema-instance"
    xsi:schemaLocation="http://www.loc.gov/MARC21/slim http://www.loc.gov/standards/marcxml/schema/MARC21slim.xsd"
    xmlns="http://www.loc.gov/MARC21/slim">

  <leader>02122nab a2200253uuc4500</leader>
  <controlfield tag="001">1211561</controlfield>
  <controlfield tag="003">OSt</controlfield>
  <controlfield tag="005">20260209132814.0</controlfield>
  <controlfield tag="008">100818s2009                        eng  </controlfield>
  <datafield tag="035" ind1=" " ind2=" ">
    <subfield code="a">1211561</subfield>
  </datafield>
  <datafield tag="035" ind1=" " ind2=" ">
    <subfield code="a">(OCoLC)820552833</subfield>
  </datafield>
  <datafield tag="040" ind1=" " ind2=" ">
    <subfield code="c">comduadb</subfield>
  </datafield>
  <datafield tag="041" ind1=" " ind2=" ">
    <subfield code="a">eng</subfield>
  </datafield>
  <datafield tag="100" ind1="1" ind2="0">
    <subfield code="a">Blanco Libreros, Juan Felipe</subfield>
    <subfield code="4">aut</subfield>
    <subfield code="e">aut</subfield>
    <subfield code="9">649837</subfield>
  </datafield>
  <datafield tag="245" ind1="1" ind2="4">
    <subfield code="a">The streams of Gorgona natural national park within the global context: an introduction to the special issue</subfield>
  </datafield>
  <datafield tag="260" ind1=" " ind2=" ">
    <subfield code="c">2009.</subfield>
  </datafield>
  <datafield tag="520" ind1="3" ind2=" ">
    <subfield code="a">Este art&#xED;culo resalta la importancia de las islas para proponer y someter a prueba hip&#xF3;tesis en ecolog&#xED;a l&#xF3;tica y, por lo tanto, aboga por la implementaci&#xF3;n de estudios de referencia en la Isla Gorgona (Pac&#xED;fico colombiano). Primero se resumen los estudios pasados realizados en las quebradas de la isla y se bosquejan los art&#xED;culos que hacen parte de este n&#xFA;mero especial, que son el resultado de una expedici&#xF3;n reciente. Estos art&#xED;culos informan que la Isla Gorgona posee un clima mar&#xED;timo, una cobertura de bosque lluvioso tropical y una litolog&#xED;a bas&#xE1;ltica e intrusiva, caracter&#xED;sticas que tambi&#xE9;n son t&#xED;picas de otras islas. Ellos tambi&#xE9;n describen que a pesar del ''efecto isla'' en la biota l&#xF3;tica, la proximidad (&lt; 50 km) de la Isla a la costa Pac&#xED;fica colombiana ha facilitado la dispersi&#xF3;n de muchos componentes faun&#xED;sticos y flor&#xED;sticos desde el continente, y por lo tanto provee una oportunidad &#xFA;nica para estudiar las quebradas costeras en el Choc&#xF3; Biogeogr&#xE1;fico. Finalmente, la condici&#xF3;n de parque natural establecido en 1984 y la relativamente bien conocida historia de usos pueden ayudar a apoyar programas de investigaci&#xF3;n con objetivos a largo plazo y gran escala.</subfield>
  </datafield>
  <datafield tag="650" ind1=" " ind2=" ">
    <subfield code="a">Isla Gorgona (Cauca)</subfield>
    <subfield code="9">17476</subfield>
  </datafield>
  <datafield tag="650" ind1=" " ind2=" ">
    <subfield code="a">Ecosistemas l&#xF3;ticos</subfield>
    <subfield code="9">154835</subfield>
  </datafield>
  <datafield tag="700" ind1="1" ind2="0">
    <subfield code="a">Ramirez Frederick, Alonso</subfield>
    <subfield code="4">aut</subfield>
    <subfield code="e">aut</subfield>
    <subfield code="9">608943</subfield>
  </datafield>
  <datafield tag="773" ind1="0" ind2=" ">
    <subfield code="t">Actualidades Biol&#xF3;gicas (Medell&#xED;n)</subfield>
    <subfield code="g">Volumen 31, N&#xFA;mero 091, Julio-Diciembre 2009, 105-110</subfield>
    <subfield code="w">(CO-MdUADB)6024</subfield>
    <subfield code="x">0304-3584</subfield>
    <subfield code="0">3627</subfield>
    <subfield code="9">576042</subfield>
    <subfield code="o">0741974</subfield>
  </datafield>
  <datafield tag="856" ind1="4" ind2=" ">
    <subfield code="u">https://bibliotecadigital.udea.edu.co/handle/10495/22091</subfield>
  </datafield>
  <datafield tag="942" ind1=" " ind2=" ">
    <subfield code="c">ARIMP</subfield>
    <subfield code="2">ddc</subfield>
  </datafield>
  <datafield tag="999" ind1=" " ind2=" ">
    <subfield code="c">559461</subfield>
    <subfield code="d">559461</subfield>
  </datafield>
</record>
